Noms dans le Seigneur des Anneaux - Statistiques

Statistiques générales
  • Ce quiz a été pris 1 433 fois
  • Le résultat moyen est 5 sur 10
Statistiques - réponses
Nom moins connu Nom principal % Correct
Mithrandir Gandalf
96%
Sméagol Gollum
88%
Le Nécromancien Sauron
79%
Elessar Aragorn
61%
Undómiel Arwen
36%
Nerwen Galadriel
29%
Charquin Saroumane/Saruman
22%
Olórin Gandalf
20%
Estel Aragorn
18%
Éadig Éomer
8%
Aucun quiz correspondant
Distribution des résultats
% des personnes avec chaque résultat
Percentile par nombre de réponses
Votre historique - résultats
Vous n’avez pas pris ce quiz